00598nam a2200133Ia 4500008004100000100002100041245013500062245011600197260005300313260001400366300000800380650001500388856006100403170221s9999 xx 000 0 und d aMubarak Aldosari aLinking Cooperative Health Insurance Service Characteristics to Expatriates’ Satisfaction: Mediating Role of Customer Knowledge  cMubarak Aldosari, Yusnidah Ibrahim, Norlida Binti Abdul Manab, Ebrahim Mohammed Al-Matari, Eqab Aiyadh Alotaibi bInternational Review of Management and Marketing cJune 2014 a6:1 xMarketing. uhttp://www.econjournals.com/index.php/irmm/issue/view/88